01152cam a22003255a 4500001001000000003000400010005001700014008004100031020001800072020001500090040003600105082002300141100002000164245008100184250001200265260004800277300003400325500002400359504004100383650003300424650003700457650004200494650004200536651001000578653002500588700002900613942000800642999001700650952015900667017692122OSt20161207131409.0151215t2016 nyua frb 001 0 eng d a9780071829595 a0071829598 aStDuBDSbengcStDuBDSdEG-ScBUE04222a697.00151bBEL1 aBell, Arthur A.10aHVAC equations, data, and rules of thumb /cArthur A. Bell, W. Larsen Angel. a3rd ed. aNew York :bMcGraw Hill Education,cc.2016. axix, 636 p. :bill. ;c24 cm. aIndex : p. 627-636. aIncludes bibliographical references. 7aHeatingxMathematics.2BUEsh 7aVentilationxMathematics.2BUEsh 7aAir conditioningxMathematics.2BUEsh 7aEngineering mathematics.2BUEsh93194 2BUEsh bENGGENcDecember20161 aAngel, W. Larsen.940712 2ddc c23501d23473 00102ddc40708AlahramaMAINbMAINc1STd2016-12-07ePurchaseg680.00h116l1m12o697.00151 BELp000040331r2025-07-15 00:00:00s2017-01-08v850.00yBB